000 00727nam a2200205 i 4500
001 163593
003 ES-MaACL
005 20251003185416.0
008 951113s1883 sp |||| | spa d
040 _aGA
_bspa
_cCCPB | SIC
100 1 _aRivera, Cesáreo.
_9131866
245 1 0 _aGuía de Galicia
_b: itinerarios, descripciones, historia... /
_cpor Cesáreo Rivera y Víctor M. Vazquez.
260 _aMadrid :
_b[s.n.],
_c1883 (
_fImprenta de Fortanet)
300 _a467 p., [1] h. de map. pleg. ;
_c17 cm.
599 _aLa h. de map. es de Galicia.
651 4 _aGalicia-
_vGuías.
_9137190
700 1 _aVázquez, Víctor M.,
_dfl. 1883
_9167359
852 _aES-MaACL
_jC-279
_z-- Enc. hol.
999 _c163593
_d163593